000 00429nam a2200169 4500
003 SEACOMEC
005 20240415121706.0
008 231006b |||||||| |||| 00| 0 eng d
020 _cRs. 75.00
_a 9788186600900
040 _aSEACOMEC
082 _a515.35
_bD229
100 1 _aDas, Subir
245 1 _aKey to Differential Equations
_cSubir Das
260 _aPune
_bEverest
_c2002
650 _aMathematics -Analysis
942 _cBOOK
999 _c139
_d139